header

Multiscale simulation methods for nanomaterials (Record no. 27460)

MARC details
000 -LEADER
fixed length control field 01304nam a2200325Ia 4500
082 04 - DEWEY DECIMAL CLASSIFICATION NUMBER
Classification number 620.1/1
245 00 - TITLE STATEMENT
Title Multiscale simulation methods for nanomaterials
260 ## - PUBLICATION, DISTRIBUTION, ETC. (IMPRINT)
Place of publication Hoboken, N.J. :
Name of publisher Wiley-Interscience,
Year of publication c2008.
300 ## - PHYSICAL DESCRIPTION
Number of Pages xiv, 275 p., [8] p. of plates :
Other physical details ill. (some col.)
650 #0 - SUBJECT ADDED ENTRY--TOPICAL TERM
Topical Term Molecular electronics
Topical Term Nanotechnology.
700 1# - ADDED ENTRY--PERSONAL NAME
Personal name Ross, Richard B.,
Personal name Mohanty, Sanat S.
856 40 - ELECTRONIC LOCATION AND ACCESS
Uniform Resource Identifier http://site.ebrary.com/lib/rucke/Doc?id=10225404

No items available.

© 2026 Rongo University
Contact us: librarian | system librarian | Rongo university